Handbook of Public Health: Volume II (Essential Topics) : (Record no. 618160)

MARC details
000 -LEADER
fixed length control field 00483nam a2200181 a 4500
008 - FIXED-LENGTH DATA ELEMENTS--GENERAL INFORMATION
fixed length control field 260330s2015##################000#0#eng##
020 ## - INTERNATIONAL STANDARD BOOK NUMBER
ISBN 9781632422156
082 04 - DEWEY DECIMAL CLASSIFICATION NUMBER
Classification number 362.1
Item number ROH
100 1# - MAIN ENTRY--AUTHOR NAME
Personal name Rohmer, Felix,
245 10 - TITLE STATEMENT
Title Handbook of Public Health: Volume II (Essential Topics) :
260 ## - PUBLICATION, DISTRIBUTION, ETC. (IMPRINT)
Year of publication 2015.
650 #0 - SUBJECT ADDED ENTRY--TOPICAL TERM
Topical Term Public health.
942 ## - ADDED ENTRY ELEMENTS (KOHA)
Koha item type English Books
Holdings
Withdrawn status Lost status Damaged status Not for loan Home library Current library Shelving location Date acquired Full call number Accession Number Price effective from Koha item type
        Anna Centenary Library Anna Centenary Library 4TH FLOOR, A WING 30.03.2026 362.1 ROH 606714 30.03.2026 English Books

Find us on the map